Meisterwerke aus Kölner Museen. (Record no. 6127)
[ view plain ]
| 000 -CABECERA | |
|---|---|
| campo de control de longitud fija | 00904nam a2200241 a 4500 |
| 001 - NÚMERO DE CONTROL | |
| campo de control | BRCA_6443 |
| 005 - FECHA Y HORA DE LA ÚLTIMA TRANSACCIÓN | |
| campo de control | 20190321142930.0 |
| 008 - DATOS DE LONGITUD FIJA--INFORMACIÓN GENERAL | |
| campo de control de longitud fija | 230911s1946----gw-#######---#000-0#ger-# |
| 041 ## - CÓDIGO DE LENGUA | |
| Código de lengua del texto/banda sonora o título independiente | ger |
| 044 ## - CÓDIGO DEL PAÍS DE LA ENTIDAD EDITORA/PRODUCTORA | |
| Código MARC del país | gw |
| 050 #4 - SIGNATURA TOPOGRÁFICA DE LA BIBLIOTECA DEL CONGRESO | |
| Número de documento/Ítem | .M45 1946 |
| 245 10 - MENCIÓN DE TÍTULO | |
| Título | Meisterwerke aus Kölner Museen. |
| 260 ## - PUBLICACIÓN, DISTRIBUCIÓN, ETC. | |
| Lugar de publicación, distribución, etc. | Colonia, Alemania |
| Nombre del editor, distribuidor, etc. | J. P. Bachem |
| Fecha de publicación, distribución, etc. | 1946 |
| 300 ## - DESCRIPCIÓN FÍSICA | |
| Extensión | 18 p. |
| Otras características físicas | il., 14 láminas |
| Dimensiones | 21 cm. |
| 500 ## - NOTA GENERAL | |
| Nota general | Catálogo de la exposición realizada en Eigelstein Torburg, 21 marzo - 15 mayo, 1946 |
| 500 ## - NOTA GENERAL | |
| Nota general | Las obras expuestas son de los siguientes museos: Wallraf - Richartz - Museum (WRM) ; Schnütgen - Museum (SchnM) ; Erzbischöfliches Diözesanmuseum. |
| 500 ## - NOTA GENERAL | |
| Nota general | Láminas numeradas con letra de Franz Mayer |
| 500 ## - NOTA GENERAL | |
| Nota general | CDE67 |
| 650 14 - PUNTO DE ACCESO ADICIONAL DE MATERIA--TÉRMINO DE MATERIA | |
| Término de materia o nombre geográfico como elemento de entrada | Obras maestras |
| Subdivisión cronológica | Época medieval |
| Subdivisión geográfica | Colonia, Alemania |
| 9 (RLIN) | 16092 |
| 650 14 - PUNTO DE ACCESO ADICIONAL DE MATERIA--TÉRMINO DE MATERIA | |
| Término de materia o nombre geográfico como elemento de entrada | Museos |
| Subdivisión de forma | Exposiciones |
| Subdivisión geográfica | Colonia, Alemania |
| 9 (RLIN) | 16093 |
| 902 ## - CATALOGADOR | |
| Iniciales | GFM |
| 942 ## - ELEMENTOS DE PUNTO DE ACCESO ADICIONAL (KOHA) | |
| Fuente del sistema de clasificación o colocación | Library of Congress Classification |
| Tipo de ítem Koha | Libros |
| Estado de retiro | Estado de pérdida | Estado dañado | No para préstamo | Localización permanente | Ubicación/localización actual | Fecha de adquisición | Número de inventario | Total de préstamos | Signatura topográfica completa | Código de barras | Fecha visto por última vez | Precio válido a partir de | Tipo de ítem Koha |
|---|---|---|---|---|---|---|---|---|---|---|---|---|---|
| El ejemplar forma parte de la colección y puede ser consultado según las políticas vigentes. | Biblioteca del Museo Franz Mayer (Rogerio Casas-Alatriste) | Biblioteca del Museo Franz Mayer (Rogerio Casas-Alatriste) | 23/09/2011 | CDE67 | .M45 1946 (CDE67) | 6890 | 22/03/2019 | 22/03/2019 | Libros |